• 首页
  • 本馆介绍
  • 公告通知
  • 最新文献
  • 馆藏检索
  • 电子资源
  • 读者导购
  • 参考咨询
  • 我的图书馆
  • 登录
  • 详细信息显示
  • 放入我的书架
  • 预约/预借图书
  • 作者相关作品
  • 分类相关作品
  • 丛书相关作品
  • 出版社相关作品

书目信息

  • 表格格式
  • 工作单格式
  • 卡片格式
题名:
古典散文基本解读
    
 
作者: ;北京师联教育科学研究所 编
分册: 1   周文·秦文
出版信息: 北京   人民武警出版社  2002
页数: 184页
开本: 20cm
丛书名: 图书馆古典文学基本典藏
单 册:
中图分类: I262 , H194.1
科图分类:
主题词: 古典散文--中国--选集 , 古典散文--中国--周代--选集 , 古典散文--中国--先秦时代--选集
电子资源:
ISBN: 7-80176-020-4
000 01146oam2 2200289 450
001 1533760887
005 20150121160059.01
010    @a7-80176-020-4@dCNY21.00
100    @a20021219d2002----emky0chiy0110----ea
101 0  @achi
102    @aCN@b110000
105    @aa---z---000cy
200 1  @a古典散文基本解读@Agu dian san wen ji ben jie du@9( jian tu ) gu dian san wen ji ben jie du@e古文观止@h1@h上@i周文·秦文@f北京师联教育科学研究所编
210    @a北京@c人民武警出版社@d2002
215    @a184页@d20cm
225 2  @a图书馆古典文学基本典藏@e古典文学基本解读
330    @a本书选解《古文观止》中的周文和秦文,书中有注释、解析、白话、作者说明、文风写法分析、点评。并仿古文笺图意配装饰笺图。
461  0 @12001 @a图书馆古典文学基本典藏
512 1  @a古典散文基本解读@i古文观止@h1@i古文观止@h上@9gu dian san wen ji ben jie du
606 0  @a古典散文@y中国@j选集
606 0  @a古典散文@y中国@z周代@j选集
606 0  @a古典散文@y中国@z先秦时代@j选集
690    @aI262@v5
690    @aH194.1@v5
711 02 @a北京师联教育科学研究所@9bei jing shi lian jiao yu ke xue yan jiu suo@4编
801  0 @aCN@bTSSF@c20150121
905    @aZUCC@dI207@eJY240:1
    
    古典散文基本解读:古文观止.1.上.周文·秦文/北京师联教育科学研究所编.-北京:人民武警出版社,2002
    184页;20cm.-(图书馆古典文学基本典藏:古典文学基本解读)
    
    
    ISBN 7-80176-020-4:CNY21.00
    本书选解《古文观止》中的周文和秦文,书中有注释、解析、白话、作者说明、文风写法分析、点评。并仿古文笺图意配装饰笺图。
●
相关链接 在E读中查询图书 在五车中查询图书 在当当中查询图书 在豆瓣中查询图书


正题名:古典散文基本解读     索取号:I207/JY240:1         预约/预借

序号 登录号 条形码 馆藏地/架位号 状态 备注
1 7851737   278517375   学院路分馆/ [索取号:I207/JY240:1] 在馆    
2 7856647   278566473   学院路分馆/ [索取号:I207/JY240:1] 在馆    
3 7856648   278566482   学院路分馆/ [索取号:I207/JY240:1] 在馆    
唐山师范学院图书馆 欢迎您!
大连网信软件有限公司© 版权所有